[Event "Lichtenberger Sommer 2018"]
[Site "?"]
[Date "2018.08.22"]
[Round "5.46"]
[White "Kautz, Stefan"]
[Black "Silz, Elisa"]
[Result "1/2-1/2"]
[WhiteElo "1894"]
[BlackElo "2002"]
[PlyCount "63"]
[EventDate "2018.??.??"]
[WhiteTeam "SC Empor Maulwurf Bonn"]
[BlackTeam "SV Empor Berlin"]

1. e4 c5 2. Nc3 d6 3. g3 g6 4. Bg2 Bg7 5. d3 Nc6 6. Nge2 e6 7. Be3 Nd4 8. Qd2
Rb8 9. O-O Ne7 10. Bh6 Nxe2+ 11. Nxe2 Bxb2 12. Rab1 Bf6 13. g4 Nc6 14. f4 Nd4
15. Nxd4 Bxd4+ 16. Kh1 b5 17. c3 Qa5 18. Rfc1 Bf6 19. e5 dxe5 20. g5 Be7 21.
Bg7 Rg8 22. Bxe5 Rb7 23. Bc6+ Kf8 24. Bxb7 Bxb7+ 25. Kg1 Qb6 26. Qf2 Qc6 27.
Kf1 c4 28. dxc4 Qxc4+ 29. Qe2 Qc6 30. Qf2 Bc5 31. Bd4 Qh1+ 32. Ke2 1/2-1/2

[Event "Lichtenberger Sommer 2018"]
[Site "?"]
[Date "2018.08.22"]
[Round "5.47"]
[White "Tschernatsch, Johannes"]
[Black "Schubert, Joachim"]
[Result "1-0"]
[WhiteElo "1714"]
[BlackElo "1845"]
[PlyCount "129"]
[EventDate "2018.??.??"]
[WhiteTeam "USV Potsdam"]
[BlackTeam "SC Friesen Lichtenberg"]

1. e4 c5 2. c3 d5 3. exd5 Qxd5 4. d4 cxd4 5. cxd4 e6 6. Nf3 Nf6 7. Be2 Bb4+ 8.
Bd2 Bxd2+ 9. Nbxd2 Nc6 10. Nc4 O-O 11. Qd3 Rd8 12. Rd1 b6 13. Qa3 Bb7 14. O-O
h6 15. Rfe1 Nh7 16. Ne3 Qd6 17. Qd3 Nb4 18. Qb1 Nf6 19. Ne5 Rac8 20. Bf3 Qe7
21. a3 Nbd5 22. Be2 Nf4 23. Bf1 Be4 24. Qa2 Ba8 25. g3 N4d5 26. Bh3 Nxe3 27.
Rxe3 Qb7 28. f3 Nd5 29. Re2 Rc7 30. Qb1 Rd6 31. Kf2 Re7 32. Qd3 Nc7 33. f4 Qd5
34. Ke3 Qa5 35. Nc4 Qh5 36. Nxd6 Qxh3 37. Kd2 Rd7 38. Rc1 g6 39. Ne4 Bxe4 40.
Qxe4 Qh5 41. Ke1 Qa5+ 42. Kf2 Qa4 43. Qe5 f6 44. Qxf6 Kh7 45. Rd2 Qb3 46. Qe5
Ne8 47. Rc3 Qd5 48. Qxd5 exd5 49. Rc6 Kg7 50. Re2 Nf6 51. Ree6 Rf7 52. Kf3 g5
53. Rxf6 Rxf6 54. Rxf6 Kxf6 55. fxg5+ Kxg5 56. h4+ Kf6 57. Kf4 Ke6 58. g4 a5
59. a4 Kf6 60. b3 Ke6 61. g5 h5 62. g6 Kf6 63. g7 Kxg7 64. Ke5 Kg6 65. Kxd5 1-0

[Event "Lichtenberger Sommer 2018"]
[Site "?"]
[Date "2018.08.22"]
[Round "5.48"]
[White "Krüger, Ekkehard"]
[Black "Roth, Joachim"]
[Result "1-0"]
[WhiteElo "1854"]
[BlackElo "1959"]
[PlyCount "93"]
[EventDate "2018.??.??"]
[WhiteTeam "SG NARVA Berlin"]
[BlackTeam "SG Bund"]

1. e4 Nf6 2. e5 Nd5 3. d4 d6 4. Nf3 Bg4 5. Be2 Nc6 6. h3 Bh5 7. c4 Nb6 8. exd6
exd6 9. b3 Be7 10. a4 a5 11. Be3 Bf6 12. Ra2 Nb4 13. Rd2 Bg6 14. O-O O-O 15.
Ne1 Re8 16. Nd3 Qe7 17. Nc3 Bg5 18. Nf4 Bf5 19. Bf3 Bxf4 20. Bxf4 c6 21. Na2
Be4 22. Be2 Nxa2 23. Rxa2 d5 24. c5 Nd7 25. Re1 Qf6 26. Bg3 Qg6 27. Bf1 Nf6 28.
Rae2 Re6 29. Kh2 Ng4+ 30. hxg4 Qxg4 31. Rxe4 Qxd1 32. Rxd1 Rxe4 33. Bd3 Re6 34.
Kg1 g6 35. Kf1 Kf8 36. Re1 Ke8 37. Rxe6+ fxe6 38. Ke2 Kd7 39. Kf3 Rg8 40. Kg4
Rf8 41. Kg5 Rf7 42. f3 Kc8 43. Be1 b6 44. cxb6 Kb7 45. Bxa5 Rf8 46. Bb4 Rf7 47.
Bc5 1-0

[Event "Lichtenberger Sommer 2018"]
[Site "?"]
[Date "2018.08.22"]
[Round "5.49"]
[White "Bartoszewski-Reiski, Olaf"]
[Black "Metzinger, Hannes"]
[Result "1-0"]
[WhiteElo "1873"]
[BlackElo "1734"]
[PlyCount "49"]
[EventDate "2018.??.??"]
[WhiteTeam "Korona Gdansk"]
[BlackTeam "SK Ottenau"]

1. e4 e5 2. Bc4 Nf6 3. d3 Bc5 4. Nc3 d6 5. f4 Ng4 6. f5 h5 7. Qf3 Nf2 8. Nh3
Nxh1 9. Ng5 Rf8 10. Qxh5 g6 11. fxg6 Qf6 12. gxf7+ Kd7 13. Nf3 c6 14. Bg5 Bf2+
15. Ke2 Qh8 16. Qxh8 Rxh8 17. Rxh1 Bd4 18. Bf6 Rf8 19. Bg7 Ke7 20. Bxf8+ Kxf8
21. Ng5 Nd7 22. Rf1 Nb6 23. Nh7+ Kg7 24. f8=Q+ Kxh7 25. Rf7+ 1-0

[Event "Lichtenberger Sommer 2018"]
[Site "?"]
[Date "2018.08.22"]
[Round "5.50"]
[White "Bornschein, Burkhard"]
[Black "Bandsom, Olaf"]
[Result "1-0"]
[WhiteElo "1971"]
[BlackElo "1806"]
[PlyCount "107"]
[EventDate "2018.??.??"]
[WhiteTeam "BSC Rehberge"]
[BlackTeam "SC Friesen Lichtenberg"]

1. d4 Nf6 2. Nf3 g6 3. c4 d5 4. cxd5 Qxd5 5. Nc3 Qa5 6. Bd2 Bg7 7. e4 c6 8. h3
Qd8 9. Rc1 O-O 10. Bd3 Nbd7 11. Qe2 Nb6 12. O-O Bd7 13. Rfd1 Rc8 14. Be3 Re8
15. Qd2 Be6 16. b3 Qd7 17. Be2 Red8 18. Bh6 Bh8 19. Ng5 Ne8 20. Nxe6 Qxe6 21.
Bg4 f5 22. exf5 gxf5 23. Qg5+ Bg7 24. Bxg7 Nxg7 25. Bf3 Kh8 26. d5 cxd5 27. Re1
Qf6 28. Qxf6 exf6 29. Nxd5 Rxc1 30. Rxc1 Nxd5 31. Bxd5 b6 32. Rc7 Ne8 33. Re7
Nd6 34. Rxa7 Nc8 35. Ra8 Rxd5 36. Rxc8+ Kg7 37. Rb8 Rd1+ 38. Kh2 Rd2 39. a4
Rxf2 40. Kg3 Re2 41. Rxb6 Kg6 42. a5 Kg5 43. a6 Ra2 44. h4+ Kg6 45. Kf3 Ra5 46.
g3 h6 47. b4 Ra3+ 48. Kg2 Ra2+ 49. Kf1 Kh5 50. Rxf6 Kg4 51. b5 Kxg3 52. Rxf5
Kxh4 53. Rf7 Kg3 54. a7 1-0

[Event "Lichtenberger Sommer 2018"]
[Site "?"]
[Date "2018.08.22"]
[Round "5.51"]
[White "Baranowsky, Peter"]
[Black "Jimenez Jimenez, Darfo"]
[Result "1-0"]
[WhiteElo "1848"]
[BlackElo "1778"]
[PlyCount "115"]
[EventDate "2018.??.??"]
[WhiteTeam "SF 1903 Berlin"]
[BlackTeam "La corrala Lavapies"]

1. e4 c5 2. Nc3 Nc6 3. f4 e6 4. Nf3 d5 5. e5 Nge7 6. Be2 Nf5 7. O-O a6 8. a4 b6
9. Qe1 Bb7 10. d3 Qc7 11. Bd2 Be7 12. Nd1 Ncd4 13. Rc1 Nxe2+ 14. Qxe2 h5 15.
Ne3 Nxe3 16. Bxe3 b5 17. axb5 axb5 18. Ra1 O-O 19. Bf2 Ra5 20. Bh4 Rfa8 21.
Rxa5 Rxa5 22. Bxe7 Qxe7 23. Ng5 g6 24. h4 Qf8 25. g4 hxg4 26. Qxg4 Qh6 27. c3
Ra2 28. Rf2 d4 29. cxd4 Ra1+ 30. Rf1 Rxf1+ 31. Kxf1 cxd4 32. Kf2 Qh5 33. Qxh5
gxh5 34. Ne4 Kg7 35. Ng3 Kg6 36. Ne2 f6 37. Nxd4 fxe5 38. fxe5 b4 39. Nxe6 Kf5
40. Nc5 Bc6 41. e6 Be8 42. d4 Kg4 43. e7 Kxh4 44. Ne6 Kg4 45. Ng7 Bf7 46. d5
Kg5 47. e8=Q Bxe8 48. Nxe8 Kf5 49. Ng7+ Ke5 50. Nxh5 Kxd5 51. Ke3 Kc4 52. Kd2
Kb3 53. Kc1 Kc4 54. Kc2 b3+ 55. Kd2 Kd4 56. Nf4 Kc4 57. Ne2 Kb4 58. Kd3 1-0

[Event "Lichtenberger Sommer 2018"]
[Site "?"]
[Date "2018.08.22"]
[Round "5.52"]
[White "Lieder, Günter"]
[Black "Schmidt, Rico"]
[Result "0-1"]
[WhiteElo "1830"]
[BlackElo "1804"]
[PlyCount "110"]
[EventDate "2018.??.??"]
[WhiteTeam "SK Turm Bad Hersfeld"]
[BlackTeam "SG Weißensee 49"]

1. c4 e6 2. Nf3 d5 3. cxd5 exd5 4. d4 Be7 5. g3 c6 6. Bg2 Bf5 7. O-O Nf6 8. Bf4
O-O 9. Nbd2 Qc8 10. Qb3 a5 11. a4 Bb4 12. Ne5 Nbd7 13. Ndf3 Nxe5 14. Nxe5 Qe6
15. Nd3 Bxd3 16. Qxd3 Rfe8 17. Bf3 Ne4 18. Rfd1 g5 19. Be3 f5 20. Bg2 Re7 21.
Qc2 h6 22. Bxe4 Qxe4 23. Qxe4 Rxe4 24. Rd3 Rae8 25. b3 Kf7 26. Kg2 Kg6 27. Kf3
h5 28. Ra2 Bd6 29. Rc2 Bc7 30. Ra2 Bb6 31. Rc2 Bc7 32. Rc1 Bb8 33. Rc2 f4 34.
gxf4 gxf4 35. Bc1 Kf5 36. Bb2 Rg8 37. Rc1 Bd6 38. Bc3 Bc7 39. Rdd1 Bb6 40. Rc2
Rg4 41. Bb2 Re8 42. h3 Rg6 43. Bc1 Bc7 44. Bd2 Reg8 45. Rcc1 Rg2 46. Rh1 R8g6
47. Bc3 Bd8 48. Bd2 Bh4 49. Rcf1 Bxf2 50. Bxf4 Bxd4 51. Bc7 h4 52. e3 Be5 53.
Bxe5 Kxe5 54. Rf2 R6g3+ 55. Ke2 Ke4 0-1

[Event "Lichtenberger Sommer 2018"]
[Site "?"]
[Date "2018.08.22"]
[Round "5.53"]
[White "Jecht, Christian"]
[Black "Wolff, Marie Antoinette"]
[Result "1/2-1/2"]
[WhiteElo "1914"]
[BlackElo "1780"]
[PlyCount "62"]
[EventDate "2018.??.??"]
[WhiteTeam "SC Bavaria Regensburg von 1881"]
[BlackTeam "Leegebrucher SF"]

1. e4 c5 2. Nf3 Nc6 3. Bb5 a6 4. Bxc6 bxc6 5. O-O d6 6. d3 g6 7. d4 c4 8. d5
cxd5 9. Qxd5 Bd7 10. Qd4 Nf6 11. e5 dxe5 12. Nxe5 Bb5 13. Qxd8+ Rxd8 14. Nc3
Bg7 15. a4 Bd7 16. Nxc4 O-O 17. Ne3 Be6 18. Rd1 Rb8 19. Rb1 Rfc8 20. Bd2 Nd7
21. Be1 Nb6 22. a5 Nc4 23. Nxc4 Rxc4 24. Nd5 Rxc2 25. b4 Kf8 26. Nb6 Ke8 27.
Rd2 Rxd2 28. Bxd2 Rd8 29. Be3 Bf5 30. Rc1 Bb2 31. Rf1 Bc3 1/2-1/2

[Event "Lichtenberger Sommer 2018"]
[Site "?"]
[Date "2018.08.22"]
[Round "5.55"]
[White "Becker, Werner"]
[Black "Kievelitz, Bernd"]
[Result "1/2-1/2"]
[WhiteElo "1689"]
[BlackElo "1868"]
[PlyCount "41"]
[EventDate "2018.??.??"]
[WhiteTeam "SV Königsee"]
[BlackTeam "SC Zitadelle Spandau"]

1. c4 e6 2. Nc3 c5 3. e3 Nf6 4. Nf3 d5 5. d4 Nc6 6. cxd5 exd5 7. dxc5 Bxc5 8.
Bb5 O-O 9. O-O Bg4 10. Be2 Qd7 11. a3 a6 12. Qc2 Ba7 13. Rd1 Rfd8 14. b4 Qf5
15. Qxf5 Bxf5 16. Bb2 d4 17. exd4 Nxd4 18. Nxd4 Bxd4 19. Na4 Bc2 20. Rxd4 Bxa4
21. Bf3 1/2-1/2

[Event "Lichtenberger Sommer 2018"]
[Site "?"]
[Date "2018.08.22"]
[Round "5.56"]
[White "Spors, Carl Philip"]
[Black "Fiß, Wolfgang"]
[Result "0-1"]
[WhiteElo "1902"]
[BlackElo "1757"]
[PlyCount "128"]
[EventDate "2018.??.??"]
[WhiteTeam "Lasker Steglitz-Wilmersdorf"]
[BlackTeam "SC Oranienburg"]

1. e4 e6 2. d4 d5 3. Nc3 dxe4 4. Nxe4 Nd7 5. Nf3 Ngf6 6. Bg5 Be7 7. Nxf6+ Nxf6
8. Bd3 h6 9. Bh4 O-O 10. Qe2 Qd5 11. O-O Qh5 12. c4 Rb8 13. Qe5 Bd6 14. Qxh5
Nxh5 15. c5 Bf4 16. g3 g5 17. gxf4 gxh4 18. f5 Nf4 19. Bc4 b5 20. cxb6 Bb7 21.
d5 exd5 22. bxc7 Rbc8 23. Bb5 d4 24. Rfd1 Bxf3 25. Rxd4 Ne2+ 26. Bxe2 Bxe2 27.
Rc1 h3 28. Rh4 Kh7 29. Rxh3 Bg4 30. Ra3 Bxf5 31. Rxa7 Rg8+ 32. Kf1 Rce8 33. Rc3
Bd7 34. a4 Ra8 35. Rxa8 Rxa8 36. b3 Rc8 37. Rc5 Kg7 38. a5 Kf8 39. b4 Ke7 40.
a6 Kd6 41. Rh5 Kxc7 42. Rxh6 Ra8 43. h4 Bb5+ 44. Kg2 Rxa6 45. Rh5 Bd3 46. Kf3
Rb6 47. Ke3 Ba6 48. Rf5 Bc4 49. Kd4 Be6 50. Rc5+ Kd7 51. b5 Rd6+ 52. Ke5 Rd2
53. f4 Rh2 54. f5 Ba2 55. b6 Rxh4 56. Ra5 Bc4 57. Ra4 Kc6 58. Rb4 Kb7 59. Kd6
Re4 60. Rxc4 Rxc4 61. Ke7 Kxb6 62. Kxf7 Kc7 63. f6 Kd7 64. Kg8 Rf4 0-1

[Event "Lichtenberger Sommer 2018"]
[Site "?"]
[Date "2018.08.22"]
[Round "5.57"]
[White "Wallmann, Bodo"]
[Black "Lehmkuhl, Stefan"]
[Result "0-1"]
[WhiteElo "1814"]
[BlackElo "1892"]
[PlyCount "146"]
[EventDate "2018.??.??"]
[WhiteTeam "SC Kreuzberg"]
[BlackTeam "Breloher SC"]

1. e4 g6 2. d4 Bg7 3. Nc3 d6 4. Be3 Nc6 5. Qd2 e5 6. Nge2 exd4 7. Nxd4 Bd7 8.
O-O-O Nxd4 9. Bxd4 Bxd4 10. Qxd4 Qf6 11. Qe3 Kf8 12. Nd5 Qd8 13. Qc3 f6 14.
Qxc7 Qxc7 15. Nxc7 Rc8 16. Nb5 Bxb5 17. Bxb5 Ke7 18. Kb1 Nh6 19. f3 Nf7 20. Ba4
Rhd8 21. Bb3 Ne5 22. Bd5 Rc7 23. b3 Nc6 24. a3 Ne5 25. Kb2 Nc6 26. f4 Rf8 27.
Rhe1 a6 28. Re3 Rcc8 29. Rh3 Rh8 30. Rh6 Rc7 31. Rd3 Kf8 32. Rc3 Kg7 33. Rhh3
Re8 34. Rc4 Rec8 35. Rhc3 Kf8 36. Be6 Re8 37. f5 Rce7 38. b4 Kg7 39. a4 Kh6 40.
b5 axb5 41. axb5 Nd8 42. Bd5 Kg5 43. Rg3+ Kh6 44. fxg6 hxg6 45. Rc8 Re5 46. c4
R5e7 47. Rf3 Kg7 48. c5 dxc5 49. Rxc5 Ne6 50. Bxe6 Rxe6 51. Rc7+ R8e7 52. Rxe7+
Rxe7 53. Rc3 b6 54. Rc6 Rxe4 55. Kb3 Re2 56. Rc2 Rxc2 57. Kxc2 Kf7 58. Kd3 Ke6
59. Kd4 f5 60. g3 Kd6 61. h4 Ke6 62. Kc4 Ke5 63. Kc3 Ke4 64. Kc4 Ke5 65. Kc3
Kd5 66. Kb4 Kd4 67. Kb3 Ke3 68. Kc4 Kf2 69. Kd5 Kxg3 70. Kc6 f4 71. Kxb6 f3 72.
Kc7 f2 73. b6 f1=Q 0-1

[Event "Lichtenberger Sommer 2018"]
[Site "?"]
[Date "2018.08.22"]
[Round "5.58"]
[White "Guder, Sibylle"]
[Black "Prix, Siegfried"]
[Result "1/2-1/2"]
[WhiteElo "1794"]
[BlackElo "1739"]
[PlyCount "184"]
[EventDate "2018.??.??"]
[WhiteTeam "SF 1903 Berlin"]
[BlackTeam "SF 1903 Berlin"]

1. e4 e5 2. Nf3 Nc6 3. Bc4 Bc5 4. c3 Nf6 5. d3 h6 6. Bb3 d6 7. Nbd2 O-O 8. h3
a6 9. Nf1 Ne7 10. Qe2 c6 11. Be3 Qb6 12. Bxc5 Qxc5 13. Ne3 b5 14. a3 a5 15. O-O
Ng6 16. Nf5 Nf4 17. Qd2 Qa7 18. Nxd6 Qe7 19. Nxc8 Rfxc8 20. Qe3 Rd8 21. Rfd1 c5
22. d4 cxd4 23. cxd4 Ng6 24. d5 Qd6 25. Rac1 Rac8 26. Nd2 Nd7 27. Rc3 Nf4 28.
Rdc1 Rxc3 29. Rxc3 Qg6 30. Qf3 Qg5 31. Rc2 Rf8 32. Qg4 Qxg4 33. hxg4 Ne2+ 34.
Kf1 Nd4 35. Rc7 Nf6 36. f3 Ne8 37. Rd7 Nf6 38. Rc7 Ne8 39. Rc8 Nd6 40. Rxf8+
Kxf8 41. Bd1 Ke7 42. Kf2 g5 43. Ke3 Kd7 44. Kd3 Kc7 45. a4 Kb6 46. axb5 Kxb5
47. Kc3 a4 48. Nb1 Ka5 49. Na3 N4b5+ 50. Nxb5 Kxb5 51. Be2+ Kc5 52. Ba6 f6 53.
Bf1 Nb7 54. Be2 Nd6 55. Bd1 Kb5 56. Bc2 Nb7 57. Bd3+ Kc5 58. b4+ axb3 59. Kxb3
Kd4 60. Bb5 Kc5 61. Bd7 Nd6 62. Ka4 Nc4 63. Bc6 Nd6 64. Ka5 Nc4+ 65. Ka6 Nd6
66. Ka7 Nc4 67. Kb7 Kd6 68. Kc8 Ke7 69. Kc7 Nd6 70. Ba4 Nf7 71. Bb3 Nd6 72. Kc6
Nf7 73. Bc4 Nd6 74. Ba6 Nf7 75. Bc8 Nd6 76. Be6 Nc4 77. Kc5 Nd6 78. Kc6 Nc4 79.
Bc8 Nd6 80. Ba6 Ne8 81. g3 Nd6 82. Kc5 Nf7 83. Kc4 Nd6+ 84. Kc5 Nf7 85. Bd3 Nd6
86. Kc6 Ne8 87. Bc2 Nd6 88. Bd3 Ne8 89. Bc2 Nd6 90. Bd3 Ne8 91. Bc2 Nd6 92. Bd3
Ne8 1/2-1/2

[Event "Lichtenberger Sommer 2018"]
[Site "?"]
[Date "2018.08.22"]
[Round "5.59"]
[White "Regel, Michael"]
[Black "Bruening, Wolfgang"]
[Result "0-1"]
[WhiteElo "1692"]
[BlackElo "1841"]
[PlyCount "43"]
[EventDate "2018.??.??"]
[WhiteTeam "SC Friesen Lichtenberg"]
[BlackTeam "vereinslos"]

1. d4 e6 2. Nf3 d5 3. Bf4 Bd6 4. Bg3 Nf6 5. e3 O-O 6. Nbd2 b6 7. Bd3 Bb7 8. Qe2
c5 9. c3 Ne4 10. O-O f5 11. Ne5 Nxg3 12. hxg3 Bxe5 13. dxe5 Nd7 14. f4 g6 15.
Nf3 Qe7 16. Kf2 h5 17. c4 Rfd8 18. Ng5 Nxe5 19. Rad1 Nxd3+ 20. Qxd3 Ba6 21. Qc3
Bxc4 22. Nf3 0-1

[Event "Lichtenberger Sommer 2018"]
[Site "?"]
[Date "2018.08.22"]
[Round "5.60"]
[White "Lichii, Elizaveta"]
[Black "Kujawa, Werner"]
[Result "1-0"]
[WhiteElo "1807"]
[BlackElo "1726"]
[PlyCount "117"]
[EventDate "2018.??.??"]
[WhiteTeam "vereinslos"]
[BlackTeam "SV Motor Wildau"]

1. e4 e6 2. d4 c5 3. Nf3 cxd4 4. Nxd4 a6 5. Nc3 d6 6. a4 Nf6 7. Be2 Be7 8. O-O
O-O 9. Be3 Qc7 10. f4 Nbd7 11. Bf3 Nb6 12. Kh1 Bd7 13. g4 Nc4 14. Bc1 e5 15.
Nf5 Bxf5 16. exf5 exf4 17. g5 Nd7 18. Nd5 Qd8 19. Nxe7+ Qxe7 20. Bxf4 Nce5 21.
Bd5 Nb6 22. Rg1 Nxd5 23. Qxd5 Qc7 24. Rg2 Qc4 25. Qxc4 Nxc4 26. b3 Ne5 27. Rd1
Rfd8 28. Rgd2 Nf3 29. Rd5 f6 30. gxf6 gxf6 31. Kg2 Ne5 32. Rxd6 Rdc8 33. R1d2
Kf7 34. Bxe5 fxe5 35. Kf3 Rc3+ 36. R6d3 Rc6 37. Ke4 Kf6 38. Rd6+ Rxd6 39. Rxd6+
Ke7 40. Kxe5 Rc8 41. f6+ Kf7 42. Rd7+ Ke8 43. Ke6 Rc6+ 44. Rd6 Rc7 45. a5 h5
46. h4 Rh7 47. f7+ Rxf7 48. Rd8+ Kxd8 49. Kxf7 Kd7 50. Kg6 Ke6 51. Kxh5 Kf5 52.
Kh6 Kf6 53. h5 Kf7 54. Kg5 Kg7 55. h6+ Kh7 56. Kh5 Kh8 57. Kg6 Kg8 58. h7+ Kh8
59. c4 1-0

[Event "Lichtenberger Sommer 2018"]
[Site "?"]
[Date "2018.08.22"]
[Round "5.61"]
[White "Bollenbach, Horst"]
[Black "Bender, Sebastian"]
[Result "0-1"]
[WhiteElo "1736"]
[BlackElo "1896"]
[PlyCount "60"]
[EventDate "2018.??.??"]
[WhiteTeam "SC Friesen Lichtenberg"]
[BlackTeam "SC Zugzwang 95 (Berlin)"]

1. c4 d6 2. g3 e5 3. Bg2 f5 4. d3 Nf6 5. Nc3 Be7 6. e3 O-O 7. Nge2 c6 8. O-O
Qe8 9. f4 Na6 10. Kh1 Qh5 11. Ng1 Qg6 12. a3 e4 13. d4 d5 14. c5 Ng4 15. Bh3 h5
16. Nge2 Bd7 17. b4 Nc7 18. a4 a6 19. Rb1 h4 20. Qe1 Qh6 21. Kg2 Kf7 22. Rh1
Rh8 23. Bd2 Ne6 24. Nd1 g5 25. Bxg4 fxg4 26. Rf1 gxf4 27. exf4 hxg3 28. Qxg3
Bh4 29. Qe3 Bf6 30. f5 Qxh2# 0-1

[Event "Lichtenberger Sommer 2018"]
[Site "?"]
[Date "2018.08.22"]
[Round "5.63"]
[White "Otter, Nils"]
[Black "Kreuchauf, Olaf"]
[Result "0-1"]
[WhiteElo "1723"]
[BlackElo "1674"]
[PlyCount "70"]
[EventDate "2018.??.??"]
[WhiteTeam "SC Kreuzberg"]
[BlackTeam "SC Eintracht Berlin"]

1. e4 e6 2. d4 c5 3. Nf3 cxd4 4. c3 dxc3 5. Nxc3 a6 6. Bc4 Bc5 7. O-O Qc7 8.
Qe2 Ne7 9. Bg5 f6 10. Bh4 O-O 11. Rfd1 Kh8 12. Bg3 e5 13. Rac1 Nbc6 14. a3 b5
15. Ba2 Qa7 16. b4 Bb6 17. Kh1 Nd4 18. Nxd4 Bxd4 19. h4 Bb7 20. Qg4 Rad8 21. h5
d5 22. h6 gxh6 23. Qh4 dxe4 24. Qxh6 Nf5 25. Qh5 Nxg3+ 26. fxg3 Rd7 27. Qh6 Rg7
28. Re1 Qa8 29. Rf1 Rg6 30. Qh3 Be3 31. Rf5 Rh6 32. Rh5 Rxh5 33. Qxh5 Bxc1 34.
Be6 Qe8 35. Qh6 Bxh6 0-1

[Event "Lichtenberger Sommer 2018"]
[Site "?"]
[Date "2018.08.22"]
[Round "5.64"]
[White "Korell, Klaus-Peter"]
[Black "Gräbnitz, Marc-Florian"]
[Result "1-0"]
[WhiteElo "1847"]
[BlackElo "1495"]
[PlyCount "149"]
[EventDate "2018.??.??"]
[WhiteTeam "SG TT/Wiheil"]
[BlackTeam "SC Eintracht Berlin"]

1. d4 d5 2. c4 c6 3. cxd5 cxd5 4. Nc3 Nf6 5. Bf4 Nc6 6. e3 e6 7. Bd3 Bd6 8.
Nge2 O-O 9. O-O Bxf4 10. Nxf4 Qb6 11. Qe2 a6 12. Rac1 Bd7 13. Na4 Qa5 14. Nc5
Qb6 15. a3 Rfc8 16. Rc3 Na7 17. Rb3 Bb5 18. Bxb5 axb5 19. Rc1 Ne4 20. Qc2 Qd8
21. Qb1 Nd2 22. Qa1 Nxb3 23. Nxb3 Rxc1+ 24. Nxc1 Qc7 25. Qb1 Rc8 26. Nfd3 Qc2
27. Qxc2 Rxc2 28. Kf1 Kf8 29. Ke1 Ke7 30. Kd1 Rc7 31. Na2 Nc6 32. Nc3 Na7 33.
Kd2 Kd6 34. Nb4 f6 35. h4 g5 36. hxg5 fxg5 37. Nd3 Rf7 38. Ke2 h5 39. Ne5 Rh7
40. Nf3 g4 41. Nh4 Ke7 42. g3 Kd6 43. Ng2 e5 44. dxe5+ Kxe5 45. Nf4 d4 46. Nd3+
Kd6 47. exd4 Re7+ 48. Kd2 Re8 49. Nf4 Rh8 50. Ng6 Rh6 51. Nh4 Rf6 52. Ne4+ Ke6
53. Nxf6 Kxf6 54. Ng2 Nc8 55. Kd3 Nb6 56. Ne3 Ke6 57. b3 Nd5 58. Ng2 b6 59. a4
Nb4+ 60. Ke4 bxa4 61. bxa4 Nd5 62. Kd3 Kf5 63. Nh4+ Kf6 64. Kc4 Ke6 65. Ng6 Kd6
66. Ne5 Nc7 67. Nd3 Nd5 68. Nb2 Kc6 69. Nd3 Kd6 70. Ne5 Ke6 71. Kb5 Nc3+ 72.
Kxb6 Nxa4+ 73. Kc6 Nc3 74. Nd3 Nd5 75. Nc5+ 1-0

[Event "Lichtenberger Sommer 2018"]
[Site "?"]
[Date "2018.08.22"]
[Round "5.65"]
[White "Neuwald, Volker"]
[Black "Pathasart, Somchay"]
[Result "1-0"]
[WhiteElo "1786"]
[BlackElo "1750"]
[PlyCount "57"]
[EventDate "2018.??.??"]
[WhiteTeam "SK Ottenau"]
[BlackTeam "SG Weißensee 49"]

1. c4 c5 2. Nc3 Nf6 3. g3 Nc6 4. Bg2 e6 5. Nf3 Be7 6. O-O O-O 7. d4 cxd4 8.
Nxd4 e5 9. Nc2 Rb8 10. a3 a6 11. Ne3 Nd4 12. Ned5 Nxd5 13. Nxd5 b5 14. Nxe7+
Qxe7 15. e3 Nc6 16. cxb5 Rxb5 17. b4 e4 18. Qc2 f5 19. Bb2 Ne5 20. Rad1 Nf3+
21. Bxf3 exf3 22. Rd4 Bb7 23. Rfd1 Bc6 24. Rd6 Qf7 25. Qc3 Re8 26. R1d2 f4 27.
gxf4 Rh5 28. Rxc6 dxc6 29. Rd6 1-0

[Event "Lichtenberger Sommer 2018"]
[Site "?"]
[Date "2018.08.22"]
[Round "5.66"]
[White "Weber, Gerald"]
[Black "Ziems, Michael"]
[Result "1-0"]
[WhiteElo "1714"]
[BlackElo "1813"]
[PlyCount "64"]
[EventDate "2018.??.??"]
[WhiteTeam "SSV Rotation Berlin"]
[BlackTeam "SV Empor Berlin"]

1. c4 e6 2. g3 d5 3. Bg2 Nf6 4. Nc3 Be7 5. b3 c6 6. e3 Nbd7 7. Nge2 dxc4 8.
bxc4 Ne5 9. d4 Nxc4 10. O-O O-O 11. a4 Bd7 12. Qd3 Na5 13. Rb1 Rb8 14. e4 b6
15. Bf4 Ra8 16. Rfc1 Bc8 17. e5 Nd5 18. Be4 h6 19. Qf3 Bg5 20. h4 Bxf4 21. Nxf4
f5 22. Bxd5 exd5 23. e6 Qd6 24. Re1 Re8 25. e7 Nc4 26. Rbd1 Bd7 27. h5 Kh7 28.
Ng6 Qf6 29. Ne2 Nd6 30. Nef4 Ne4 31. Qg2 Kg8 32. Re3 Qd6 1-0

[Event "Lichtenberger Sommer 2018"]
[Site "?"]
[Date "2018.08.22"]
[Round "5.67"]
[White "Kromer, Thomas"]
[Black "Khalaf, Adnan"]
[Result "1-0"]
[WhiteElo "1839"]
[BlackElo "1585"]
[PlyCount "105"]
[EventDate "2018.??.??"]
[WhiteTeam "SF Riedlingen"]
[BlackTeam "Läufer Reinickendorf"]

1. e4 Nc6 2. Nf3 d5 3. exd5 Qxd5 4. Nc3 Qh5 5. Nb5 Kd8 6. Nc3 Bg4 7. Be2 e6 8.
Ne4 f5 9. Ng3 Qf7 10. d4 h6 11. Ne5 Nxe5 12. dxe5+ Qd7 13. Bxg4 fxg4 14. Qxg4
Qd5 15. Qe4 Qxe4+ 16. Nxe4 Ne7 17. Nc5 b6 18. Nxe6+ Kd7 19. Nxf8+ Rhxf8 20. Bd2
Nd5 21. c4 Nf4 22. O-O Rae8 23. Rad1 Kc6 24. Bxf4 Rxf4 25. g3 Rxc4 26. f4 Rc2
27. Rf2 Rc5 28. Kg2 a5 29. Rdd2 Rd5 30. Rxd5 Kxd5 31. Kf3 Re7 32. Rd2+ Kc4 33.
Ke4 Kc5 34. g4 b5 35. f5 a4 36. e6 Kc6 37. Ke5 b4 38. h4 Re8 39. Rd7 Rg8 40. g5
hxg5 41. hxg5 b3 42. axb3 axb3 43. Rd3 Ra8 44. Rc3+ Kb6 45. Rxb3+ Kc6 46. Rc3+
Kb6 47. e7 c5 48. Kd6 Rc8 49. Rb3+ Ka5 50. Kd7 c4 51. Ra3+ Kb4 52. Kxc8 c3 53.
Rxc3 1-0

[Event "Lichtenberger Sommer 2018"]
[Site "?"]
[Date "2018.08.22"]
[Round "5.68"]
[White "Wörz, Markus"]
[Black "Franke, Lukas"]
[Result "0-1"]
[WhiteElo "2027"]
[BlackElo "1287"]
[PlyCount "34"]
[EventDate "2018.??.??"]
[WhiteTeam "SC Kreuzberg"]
[BlackTeam "Königsjäger Süd-West"]

1. e4 d6 2. d4 Nd7 3. Nc3 e5 4. Nf3 Be7 5. Bc4 Ngf6 6. O-O O-O 7. Re1 c6 8. a4
a5 9. h3 Re8 10. Be3 Qc7 11. Qd3 Nf8 12. Ng5 Ne6 13. Nxe6 Bxe6 14. Bxe6 fxe6
15. dxe5 dxe5 16. Qc4 Bb4 17. Bc5 b5 0-1

[Event "Lichtenberger Sommer 2018"]
[Site "?"]
[Date "2018.08.22"]
[Round "5.69"]
[White "Lee, Kwan Ho"]
[Black "Grillich, Alexander"]
[Result "0-1"]
[WhiteElo "1650"]
[BlackElo "1941"]
[PlyCount "67"]
[EventDate "2018.??.??"]
[WhiteTeam "Hong Kong Chess Federation"]
[BlackTeam "SC Rochade (Berlin)"]

1. d4 d5 2. c4 c6 3. e3 Nf6 4. Nc3 e6 5. cxd5 exd5 6. Bd3 Be7 7. Nge2 O-O 8.
O-O Re8 9. Qc2 Bd6 10. Ng3 g6 11. e4 Bxg3 12. fxg3 dxe4 13. Nxe4 Nxe4 14. Bxe4
Qxd4+ 15. Qf2 Qxf2+ 16. Rxf2 Rxe4 17. Bh6 Be6 18. Rd1 Nd7 19. b3 Re8 20. Rfd2
Bd5 21. Bf4 Nf6 22. h3 Re1+ 23. Kh2 Rxd1 24. Rxd1 Re2 25. Rd2 Rxd2 26. Bxd2 Ne4
27. Be3 Nc3 28. a3 Bxb3 29. Bxa7 Na4 30. g4 c5 31. Kg3 Kf8 32. Kf4 Ke7 33. Ke5
f6+ 34. Ke4 0-1

[Event "Lichtenberger Sommer 2018"]
[Site "?"]
[Date "2018.08.22"]
[Round "5.70"]
[White "Lalaev, Ashur"]
[Black "Schneider, Eckehard"]
[Result "0-1"]
[WhiteElo "1656"]
[BlackElo "1837"]
[PlyCount "106"]
[EventDate "2018.??.??"]
[WhiteTeam "TuS Makkabi Berlin"]
[BlackTeam "SF 1903 Berlin"]

1. e4 e6 2. d4 d5 3. exd5 exd5 4. Nf3 Nf6 5. Bb5+ c6 6. Qe2+ Be7 7. Bd3 O-O 8.
O-O Re8 9. Be3 Ng4 10. h3 Nxe3 11. fxe3 Nd7 12. Nc3 Nf6 13. Qf2 Bd6 14. Rae1
Ne4 15. Bxe4 dxe4 16. Ne5 f6 17. Nc4 Bc7 18. Nd2 Qd6 19. g4 Qg3+ 20. Qxg3 Bxg3
21. Re2 b6 22. Ndxe4 Bc7 23. Rf3 Bb7 24. g5 fxg5 25. Nxg5 Re7 26. h4 Rae8 27.
Kf2 Bc8 28. d5 Bg4 29. Rd2 Rd7 30. Nh3 Bxf3 31. Kxf3 Rf8+ 32. Ke2 c5 33. Nb5
Bg3 34. h5 Rf5 35. c4 Rxh5 36. Ng1 Rh2+ 37. Kd3 Rxd2+ 38. Kxd2 h5 39. Nc3 Be5
40. Nf3 Bxc3+ 41. bxc3 Rf7 42. Ke2 Re7 43. Kd3 Kf7 44. e4 Kf6 45. Ke3 g5 46.
Nh2 g4 47. Kf4 Rf7 48. e5+ Ke7+ 49. Kg3 Rf5 50. e6 b5 51. cxb5 Rxd5 52. Kf4
Kxe6 53. Nf1 Rf5+ 0-1